|
|
|
|
| LEADER |
00000nab a2200000 a 4500 |
| 001 |
vtls008835388 |
| 003 |
SK-MaSNL |
| 005 |
20260426071557.0 |
| 008 |
140328c2004 xo qr|p|||||||000 b|slo |
| 015 |
|
|
|a SNBRB2006/07
|
| 038 |
|
|
|a SNKBUCL
|
| 040 |
|
|
|a SNKBUCL
|b slo
|e AACR2
|c SNKBUCL
|
| 041 |
0 |
|
|a slo
|
| 044 |
|
|
|a xo
|c SK
|
| 080 |
|
|
|a 001.895
|2 1997
|
| 080 |
|
|
|a 658.589
|2 1997
|
| 080 |
|
|
|a 339.9
|2 1997
|
| 100 |
1 |
|
|a Tuma, Miroslav,
|d 1931-
|4 aut
|9 88447
|
| 245 |
1 |
0 |
|a Inovačné aspekty a realita
|c Niroslav Tuma
|
| 504 |
|
|
|a Bibliogr. odkazy
|
| 650 |
0 |
7 |
|a ekonomika
|2 snkbucl
|9 789
|
| 650 |
0 |
7 |
|a inovácie
|2 snkbucl
|9 2291
|
| 651 |
|
7 |
|a Slovensko
|2 snkbucl
|9 14231
|
| 773 |
0 |
|
|t Duševné vlastníctvo
|g Roč. 8, č. 4 (2004), s. 37-47
|x 1210-1605
|
| 852 |
|
|
|a SNK
|b KIS3GCP
|
| 958 |
|
|
|a SK
|
| 958 |
|
|
|a NB
|
| 999 |
|
|
|c 2679889
|d 2681819
|